[Event "29th CRO-chT Junior 2020"]
[Site "Cakovec"]
[Date "2020.07.17"]
[Round "8.3"]
[White "Borzan, Andrej"]
[Black "Vuk, Sebastijan"]
[Result "1-0"]
[WhiteElo "1983"]
[BlackElo "1382"]
[Annotator "NA"]
[PlyCount "71"]
[EventDate "2020.07.14"]
[EventType "team-tourn"]
[EventCountry "CRO"]
[SourceTitle "playchess.com"]
[Source "ChessBase"]
[SourceQuality "1"]
[TimeControl "5400+30"]

1. d4 {[%emt 0:07:30]} Nf6 {[%emt 0:00:30]} 2. Nf3 {[%emt 0:00:30]} g6 {[%emt 0:00:00]} 3. c4 {[%emt 0:00:00]} d6 {[%emt 0:00:00]} 4. Nc3 {[%emt 0:00:00]} Bg7 {[%emt 0:00:30]} 5. e4 {[%emt 0:00:30]} O-O {[%emt 0:01:30]} 6. Be3 {[%emt 0:01:30]} Bg4 {[%emt 0:00:30]} 7. Be2 {[%emt 0:00:30]} Nc6 {[%emt 0:00:30]} 8. h3 {[%emt 0:01:30] E91: King's Indian: Classical: 6 Be2, unusual replies including 6...c5 and 6...Bg4.} Bxf3 $1 {[%emt 0:03:30]} 9. Bxf3 {[%emt 0:00:30]} Nd7 {[%emt 0:03:30]} 10. h4 {[%emt 0:04:30] [#]} f5 $146 {[%emt 0:08:30]} ({Predecessor:} 10... e5 11. d5 Nd4 12. h5 c5 13. g4 Bf6 14. Bg2 Bg5 15. Qd2 Bf4 16. Bxf4 exf4 17. Qxf4 {0-1 (35) Andrejic,V (2268)-Stojanovic,D (2499) Kragujevac 2015}) 11. exf5 {[%emt 0:05:30]} Rxf5 $2 {[%emt 0:02:30]} ({Better is} 11... gxf5 $14 12. h5 Kh8) 12. Be4 {[%emt 0:00:30]} Rf8 {[%emt 0:04:30]} 13. h5 {[%emt 0:02:30]} g5 {[%emt 0:24:30]} 14. h6 {[%emt 0:03:30]} Bf6 {[%emt 0:03:30]} 15. Qd3 {[%emt 0:00:30]} Nb4 {[%emt 0:06:30]} 16. Bxh7+ {[%emt 0:02:30]} Kh8 {[%emt 0:00:30]} 17. Qg6 {[%emt 0:01:30]} Rg8 {[%emt 0:00:30]} 18. Bxg8 {[%emt 0:00:30]} Qxg8 {[%emt 0:00:30]} 19. Qxg8+ {[%emt 0:00:00]} Rxg8 {[%emt 0:00:30]} 20. O-O-O {[%emt 0:00:00]} a6 {[%emt 0:02:30]} 21. a3 {[%emt 0:00:30]} Nc6 {[%emt 0:00:30]} 22. Nd5 {[%emt 0:03:30]} Na5 {[%emt 0:00:30]} 23. Nxf6 {[%emt 0:00:00]} Nxf6 $18 {[%emt 0:01:30]} 24. c5 {[%emt 0:00:00]} Nd5 {[%emt 0:00:30]} 25. Rh3 {[%emt 0:03:30]} Nc4 {[%emt 0:03:30]} 26. Rf3 {[%emt 0:04:30]} Nf6 {[%emt 0:01:30]} 27. Bd2 {[%emt 0:01:30]} Nxd2 {[%emt 0:06:30]} 28. Rxd2 {[%emt 0:00:30]} Re8 {[%emt 0:00:30]} 29. Re2 {[%emt 0:00:30]} Nd5 {[%emt 0:01:30]} 30. Rf7 {[%emt 0:00:30]} Rg8 {[%emt 0:00:30]} 31. Re6 {[%emt 0:01:30]} g4 {[%emt 0:02:30]} 32. Kd2 {[%emt 0:00:30]} b6 {[%emt 0:00:30]} 33. cxb6 {[%emt 0:01:30]} cxb6 {[%emt 0:00:30]} 34. Kd3 {[%emt 0:00:30]} b5 {[%emt 0:00:30]} 35. Rf5 {[%emt 0:01:30]} g3 {[%emt 0:01:30]} 36. f3 {[%emt 0:00:30]} 1-0

[Event "29th CRO-chT Junior 2020"]
[Site "Cakovec"]
[Date "2020.07.17"]
[Round "8.4"]
[White "Kristofic, Dino"]
[Black "Poljan, Max"]
[Result "0-1"]
[WhiteElo "1290"]
[BlackElo "1618"]
[Annotator "NA RC"]
[PlyCount "74"]
[EventDate "2020.07.14"]
[EventType "team-tourn"]
[EventCountry "CRO"]
[SourceTitle "playchess.com"]
[Source "ChessBase"]
[SourceQuality "1"]
[TimeControl "5400+30"]

1. e4 {[%emt 0:00:30]} c5 {[%emt 0:00:30]} 2. Nf3 {[%emt 0:00:30]} e6 {[%emt 0:00:30]} 3. d4 {[%emt 0:00:30]} cxd4 {[%emt 0:01:30]} 4. Nxd4 {[%emt 0:02:30]} a6 {[%emt 0:00:00]} 5. Be3 {[%emt 0:02:30]} Nf6 {[%emt 0:01:00]} 6. Nc3 {[%emt 0:00:30]} b5 {[%emt 0:01:30]} 7. Bd3 {[%emt 0:02:30]} Bb7 {[%emt 0:00:30]} 8. Bg5 {[%emt 0:05:30]} Be7 {[%emt 0:02:30]} 9. Bxf6 {[%emt 0:04:30]} Bxf6 {[%emt 0:00:30]} 10. Nf3 {[%emt 0:01:30]} Qc7 {[%emt 0:02:30]} 11. Qd2 {[%emt 0:05:30]} O-O {[%emt 0:05:30]} 12. O-O {[%emt 0:00:30]} Bxc3 {[%emt 0:02:30]} 13. bxc3 {[%emt 0:02:30]} Rc8 {[%emt 0:00:00]} 14. a4 {[%emt 0:11:30]} Qxc3 {[%emt 0:08:00]} 15. axb5 {[%emt 0:06:30]} axb5 {[%emt 0:09:30]} 16. Rxa8 {[%emt 0:11:30]} Bxa8 {[%emt 0:00:30]} 17. Rb1 {[%emt 0:02:30]} Qxd2 {[%emt 0:17:30]} 18. Nxd2 {[%emt 0:00:30]} b4 {[%emt 0:04:30]} 19. Rxb4 {[%emt 0:02:30]} Nc6 {[%emt 0:00:30]} 20. Ra4 {[%emt 0:07:30]} Ne5 {[%emt 0:00:30]} 21. Be2 {[%emt 0:02:30]} g5 {[%emt 0:02:30]} 22. g3 {[%emt 0:01:30]} Ng6 {[%emt 0:05:30]} 23. f3 {[%emt 0:05:30]} Kg7 {[%emt 0:01:30]} 24. c4 {[%emt 0:00:30]} Rb8 {[%emt 0:01:30]} 25. Kf2 {[%emt 0:01:19]} Bc6 {[%emt 0:01:30]} 26. Ra5 {[%emt 0:00:53]} h6 {[%emt 0:00:30]} 27. Ke3 {[%emt 0:01:47]} Ne7 {[%emt 0:03:30]} 28. Bd1 {[%emt 0:03:09]} Rb4 {[%emt 0:01:30]} 29. Be2 {[%emt 0:03:46]} f5 {[%emt 0:00:30]} 30. Bd3 {[%emt 0:00:48]} Kf6 {[%emt 0:02:30]} 31. h3 {[%emt 0:01:38]} Rb2 {[%emt 0:01:30]} 32. h4 {[%emt 0:06:10]} f4+ {[%emt 0:00:30]} 33. gxf4 {[%emt 0:01:05]} gxf4+ {[%emt 0:00:30]} 34. Ke2 {[%emt 0:00:33]} Ng6 {[%emt 0:00:00]} 35. Rh5 {[%emt 0:01:26]} Kg7 {[%emt 0:00:00]} 36. Ke1 {[%emt 0:01:51]} e5 {[%emt 0:01:30]} 37. c5 {[%emt 0:01:09]} Ra2 {[%emt 0:01:30]} 0-1

[Event "29th CRO-chT Junior 2020"]
[Site "Cakovec"]
[Date "2020.07.17"]
[Round "8.5"]
[White "Alfirevic, Duje"]
[Black "Tomulic, Teo"]
[Result "1/2-1/2"]
[WhiteElo "2011"]
[BlackElo "2359"]
[Annotator "TA"]
[PlyCount "69"]
[EventDate "2020.07.14"]
[EventType "team-tourn"]
[EventCountry "CRO"]
[SourceTitle "playchess.com"]
[Source "ChessBase"]
[SourceQuality "1"]

{[%evp 10,69,51,50,82,68,77,59,77,55,58,41,77,44,68,32,40,16,37,22,33,19,33,36,28,33,19,19,21,36,27,6,185,84,188,168,438,184,189,47,46,25,218,211,175,129,204,81,79,37,94,27,41,22,29,42,43,32,75,39,32,18]} 1. e4 d5 2. exd5 Nf6 3. d4 Nxd5 4. c4 Nf6 5. Nf3 Bg4 6. Be2 Nbd7 {B01: Scandinavian Defence.} 7. O-O e6 8. Nc3 Be7 9. Be3 O-O 10. a3 a5 {[#]} 11. Qd2 $146 ({Predecessor:} 11. h3 Bh5 12. Qc2 c6 13. Rad1 Qc7 14. Ne4 Nxe4 15. Qxe4 Bg6 16. Qg4 f5 17. Qf4 {0-1 (50) Corrachano Utrilla,D (1777)-Avila Jimenez,X (2286) Albacete 2008}) 11... Qc8 12. Rfd1 Rd8 13. Qe1 h6 14. Rac1 Bf5 15. h3 Ne4 16. Bd3 Nxc3 17. Rxc3 Bxd3 18. Rcxd3 a4 19. Bf4 Bf6 20. Ne5 Nb6 $2 (20... Nxe5 $11 21. dxe5 Rxd3 22. Rxd3 Be7) 21. Ng4 (21. Rg3 $1 $18 {has better winning chances.}) 21... Bh4 {[#]} (21... Bg5 $16 22. Bxg5 hxg5) 22. Nxh6+ $1 $18 {[%mdl 512]} Kf8 $2 (22... gxh6 {was worth a try.} 23. Bxh6 f5) 23. Ng4 (23. d5 $142) 23... Nxc4 {[#]} 24. Ne5 ({White should try} 24. Rc1 $1 $18 {[%cal Rc1c4]} Nd6 25. d5 exd5 26. Rxd5) 24... Nxe5 $14 25. Bxe5 {Black must now prevent Qb4+.} f6 $2 {[#]} (25... Rd5 $1 $11 {and Black is okay.}) 26. Qe4 $1 $18 {[%cal Re4h4]} Bg5 27. Qg6 Rd7 (27... Qd7 $16 {is a better defense.}) 28. f4 (28. Rf3 $18 {and White stays clearly on top. Threatens to win with Qxg5.} Kg8 29. Bxf6 Bxf6 30. Rxf6) 28... Qe8 $16 29. Qxe8+ (29. Qh7 {keeps more tension.} g6 30. Qh8+ Ke7 31. Qxe8+ Kxe8 32. fxg5 fxe5 33. dxe5 Rxd3 34. Rxd3 Ra5 35. Re3) 29... Kxe8 30. fxg5 fxe5 31. dxe5 Rxd3 32. Rxd3 {KR-KR} Ra5 $1 33. Re3 Rb5 34. Re2 Kf7 35. h4 {Accuracy: White = 58%, Black = 53%.} 1/2-1/2

[Event "29th CRO-chT Junior 2020"]
[Site "Cakovec"]
[Date "2020.07.17"]
[Round "8.6"]
[White "Radenic, Filip"]
[Black "Dumancic, Simun"]
[Result "1-0"]
[WhiteElo "2134"]
[BlackElo "1896"]
[Annotator "ChessBase"]
[PlyCount "63"]
[EventDate "2020.07.14"]
[EventType "team-tourn"]
[EventCountry "CRO"]
[SourceTitle "playchess.com"]
[Source "ChessBase"]
[SourceQuality "1"]
[TimeControl "5400+30"]

1. c4 {[%emt 0:01:30]} Nf6 {[%emt 0:00:30]} 2. Nf3 {[%emt 0:00:00]} g6 {[%emt 0:00:30]} 3. Nc3 {[%emt 0:00:00]} d5 {[%emt 0:02:30]} 4. cxd5 {[%emt 0:01:30]} Nxd5 {[%emt 0:00:30]} 5. Qa4+ {[%emt 0:00:00]} Nc6 {[%emt 0:06:30]} 6. Ne5 {[%emt 0:01:00]} Nxc3 {[%emt 0:03:30]} 7. dxc3 {[%emt 0:03:30]} Bd7 {[%emt 0:00:30]} 8. Nxd7 {[%emt 0:01:30]} Qxd7 {[%emt 0:00:30]} 9. e4 {[%emt 0:00:30]} Ne5 {[%emt 0:04:30]} 10. Qxd7+ {[%emt 0:02:30]} Nxd7 {[%emt 0:00:30]} 11. Bf4 {[%emt 0:02:30]} e5 {[%emt 0:05:30]} 12. Be3 {[%emt 0:01:30]} Bc5 {[%emt 0:00:30]} 13. Bh6 {[%emt 0:00:30]} Bf8 {[%emt 0:01:30]} 14. Bd2 {[%emt 0:01:30]} Nc5 {[%emt 0:01:30]} 15. f3 {[%emt 0:01:30]} O-O-O {[%emt 0:01:30]} 16. Bg5 {[%emt 0:02:30]} Rd6 {[%emt 0:03:30]} 17. Rd1 {[%emt 0:02:30]} Rxd1+ {[%emt 0:00:30]} 18. Kxd1 {[%emt 0:00:30]} Bg7 {[%emt 0:00:30]} 19. Bc4 {[%emt 0:00:30]} f6 {[%emt 0:02:30]} 20. Be3 {[%emt 0:00:30]} Na4 {[%emt 0:00:30]} 21. Kc2 {[%emt 0:00:30]} Nb6 {[%emt 0:01:30]} 22. Be6+ {[%emt 0:03:30]} Kb8 {[%emt 0:02:30]} 23. Rd1 {[%emt 0:00:30]} Re8 {[%emt 0:01:30]} 24. Bxb6 {[%emt 0:08:30]} cxb6 {[%emt 0:08:30]} 25. Rd7 {[%emt 0:00:30]} Bf8 {[%emt 0:03:30]} 26. Bd5 {[%emt 0:00:30]} Kc8 {[%emt 0:00:30]} 27. Rxh7 {[%emt 0:00:30]} g5 {[%emt 0:04:30]} 28. Bxb7+ {[%emt 0:00:30]} Kb8 {[%emt 0:01:30]} 29. Bd5 {[%emt 0:00:30]} Re7 {[%emt 0:00:30]} 30. Rh8 {[%emt 0:00:30]} Re8 {[%emt 0:00:30]} 31. g3 {[%emt 0:02:30]} a5 {[%emt 0:00:30]} 32. h4 {[%emt 0:00:30]} 1-0

[Event "29th CRO-chT Junior 2020"]
[Site "Cakovec"]
[Date "2020.07.17"]
[Round "8.7"]
[White "Sagovac, Kristijan"]
[Black "Troselj, Ivan"]
[Result "0-1"]
[WhiteElo "1839"]
[BlackElo "1857"]
[Annotator "NA RC"]
[PlyCount "42"]
[EventDate "2020.07.14"]
[EventType "team-tourn"]
[EventCountry "CRO"]
[SourceTitle "playchess.com"]
[Source "ChessBase"]
[SourceQuality "1"]
[TimeControl "5400+30"]

{[%evp 24,38,0,0,-12,9,4,-138,-109,-191,-77,-85,-66,-29990,-108,-29991,-29992]} 1. e4 {[%emt 0:00:30]} e5 {[%emt 0:00:30]} 2. Nf3 {[%emt 0:00:00]} Nc6 {[%emt 0:00:00]} 3. Bc4 {[%emt 0:00:00]} Nf6 {[%emt 0:00:00]} 4. Ng5 {[%emt 0:00:00]} d5 {[%emt 0:00:30]} 5. exd5 {[%emt 0:00:00]} Na5 {[%emt 0:00:00]} 6. Bb5+ {[%emt 0:00:00]} c6 {[%emt 0:00:00]} 7. dxc6 {[%emt 0:00:00]} bxc6 {[%emt 0:00:00]} 8. Be2 {[%emt 0:00:30]} h6 {[%emt 0:00:00]} 9. Nf3 {[%emt 0:05:30]} e4 {[%emt 0:00:30]} 10. Ne5 {[%emt 0:00:30]} Bc5 {[%emt 0:00:00]} 11. O-O {[%emt 0:01:30]} Qd6 {[%emt 0:00:00]} 12. Ng4 {[%emt 0:03:30]} Bxg4 {[%emt 0:08:30]} 13. Bxg4 {[%emt 0:00:00]} h5 {[%emt 0:00:30]} 14. Be2 {[%emt 0:01:00]} Ng4 $1 {[%emt 0:00:30]} 15. g3 {[%emt 0:00:30] [#]} (15. Bxg4 $11 hxg4 16. g3) 15... Nxh2 $1 {[%emt 0:00:00]} 16. Kxh2 {[%emt 0:07:30] [#]} ({White should try} 16. d4 $1 $15 exd3 17. Bf4) 16... h4 {[%emt 0:00:00]} (16... Bxf2 $1 $19 {and Black stays clearly on top.} 17. Rxf2 h4) 17. Kg2 {[%emt 0:01:30]} Bxf2 $15 {[%emt 0:00:30]} ({Don't blunder} 17... hxg3 $2 18. fxg3 g6 {[#]} 19. d4 $1 $18 {[%mdl 512]}) 18. Rh1 $2 {[%emt 0:02:30]} ({Wrong is} 18. Rxf2 $2 hxg3 19. Qg1 gxf2 $19) (18. Bg4 $17) 18... Qxg3+ {[%emt 0:01:30]} 19. Kf1 {[%emt 0:00:00]} h3 {[%emt 0:00:00]} 20. Bg4 {[%emt 0:01:00]} Qg2+ {[%emt 0:00:00]} 21. Ke2 {[%emt 0:00:00]} Bd4+ {[%emt 0:00:00]} 0-1

[Event "29th CRO-chT Junior 2020"]
[Site "Cakovec"]
[Date "2020.07.17"]
[Round "8.8"]
[White "Zekic, Patrik"]
[Black "Martic, Filip"]
[Result "1-0"]
[WhiteElo "1699"]
[BlackElo "1656"]
[Annotator "NA RC"]
[PlyCount "149"]
[EventDate "2020.07.14"]
[EventType "team-tourn"]
[EventCountry "CRO"]
[SourceTitle "playchess.com"]
[Source "ChessBase"]
[SourceQuality "1"]
[TimeControl "5400+30"]

1. d4 {[%emt 0:00:30]} Nf6 {[%emt 0:00:30]} 2. c4 {[%emt 0:00:30]} c5 {[%emt 0:00:30]} 3. d5 {[%emt 0:00:00]} b5 {[%emt 0:00:00]} 4. cxb5 {[%emt 0:00:00]} a6 {[%emt 0:00:00]} 5. b6 {[%emt 0:00:30]} g6 {[%emt 0:00:30]} 6. Nc3 {[%emt 0:00:30]} d6 {[%emt 0:00:30]} 7. e4 {[%emt 0:00:00]} Nbd7 {[%emt 0:00:00]} 8. Nf3 {[%emt 0:01:00]} Bg7 {[%emt 0:01:00]} 9. a4 {[%emt 0:03:30]} a5 {[%emt 0:00:30]} 10. Bb5 {[%emt 0:03:30]} O-O {[%emt 0:00:30]} 11. Qe2 {[%emt 0:03:30]} Nxb6 {[%emt 0:00:30]} 12. h3 {[%emt 0:01:30]} e6 {[%emt 0:07:30]} 13. dxe6 {[%emt 0:16:30]} Bxe6 {[%emt 0:02:30]} 14. O-O {[%emt 0:02:30]} Qc7 {[%emt 0:08:30]} 15. Bf4 {[%emt 0:01:30]} Rfd8 {[%emt 0:03:30]} 16. Rac1 {[%emt 0:15:30]} Nh5 {[%emt 0:15:30]} 17. Bg5 {[%emt 0:10:30]} Bf6 {[%emt 0:01:30]} 18. Be3 {[%emt 0:10:30]} Be7 {[%emt 0:05:30]} 19. Qc2 {[%emt 0:04:30]} Qb7 {[%emt 0:03:30]} 20. Rfd1 {[%emt 0:04:59]} Rac8 {[%emt 0:01:30]} 21. Ng5 {[%emt 0:02:48]} Ng7 {[%emt 0:03:30]} 22. Qe2 {[%emt 0:04:34]} Bb3 {[%emt 0:03:30]} 23. Ba6 {[%emt 0:02:18]} Bxd1 {[%emt 0:00:00]} 24. Rxd1 {[%emt 0:00:14]} Qc6 {[%emt 0:01:00]} 25. Bxc8 {[%emt 0:00:12]} Rxc8 {[%emt 0:00:00]} 26. Qc2 {[%emt 0:02:27]} Bxg5 {[%emt 0:11:00]} 27. Bxg5 {[%emt 0:00:03]} Re8 {[%emt 0:00:30]} 28. Bf4 {[%emt 0:02:12]} Rd8 {[%emt 0:01:30]} 29. Qb3 {[%emt 0:02:03]} c4 {[%emt 0:01:30]} 30. Qb5 {[%emt 0:00:22]} Qxb5 {[%emt 0:00:30]} 31. axb5 {[%emt 0:00:04]} Ne8 {[%emt 0:00:30]} 32. Be3 {[%emt 0:00:45]} Nd7 {[%emt 0:01:30]} 33. Ra1 {[%emt 0:00:43]} Ra8 {[%emt 0:00:30]} 34. f4 {[%emt 0:02:36]} Kf8 {[%emt 0:01:30]} 35. Ra4 {[%emt 0:00:08]} Ke7 {[%emt 0:03:30]} 36. Rxc4 {[%emt 0:00:25]} Kd8 {[%emt 0:00:30]} 37. Ra4 {[%emt 0:00:58]} Nc7 {[%emt 0:01:30]} 38. b6 {[%emt 0:00:50]} Ne6 {[%emt 0:00:00]} 39. b4 {[%emt 0:00:52]} Rc8 {[%emt 0:00:00]} 40. Nd5 {[%emt 0:01:14]} axb4 {[%emt 0:00:30]} 41. Rxb4 {[%emt 0:00:46]} Nec5 {[%emt 0:00:30]} 42. Kh2 {[%emt 0:01:34]} Rb8 {[%emt 0:02:30]} 43. g4 {[%emt 0:00:27]} Rb7 {[%emt 0:01:30]} 44. Kg3 {[%emt 0:00:33]} f6 {[%emt 0:00:30]} 45. Kf3 {[%emt 0:00:16]} Ke8 {[%emt 0:00:30]} 46. Bd4 {[%emt 0:00:55]} Kf7 {[%emt 0:00:30]} 47. h4 {[%emt 0:00:38]} h6 {[%emt 0:01:36]} 48. g5 {[%emt 0:00:29]} fxg5 {[%emt 0:00:59]} 49. fxg5 {[%emt 0:00:14]} h5 {[%emt 0:00:06]} 50. Rb5 {[%emt 0:01:18]} Rb8 {[%emt 0:00:59]} 51. Bxc5 {[%emt 0:00:32]} dxc5 {[%emt 0:01:01]} 52. Ke3 {[%emt 0:00:17]} Ke6 {[%emt 0:00:27]} 53. Rb1 {[%emt 0:00:15]} Ne5 {[%emt 0:01:50]} 54. Nf4+ {[%emt 0:00:44]} Kf7 {[%emt 0:00:10]} 55. Nd3 {[%emt 0:00:30]} Nc4+ {[%emt 0:00:31]} 56. Kf4 {[%emt 0:00:21]} Rxb6 {[%emt 0:00:27]} 57. Rxb6 {[%emt 0:00:27]} Nxb6 {[%emt 0:00:01]} 58. Nxc5 {[%emt 0:00:02]} Nc8 {[%emt 0:02:04]} 59. Ke5 {[%emt 0:00:14]} Ke7 {[%emt 0:00:15]} 60. Ne6 {[%emt 0:00:26]} Nb6 {[%emt 0:00:44]} 61. Nf4 {[%emt 0:00:09]} Nd7+ {[%emt 0:00:09]} 62. Kd4 {[%emt 0:00:24]} Kf7 {[%emt 0:00:50]} 63. Kd5 {[%emt 0:00:11]} Nb6+ {[%emt 0:00:13]} 64. Kc5 {[%emt 0:00:20]} Nd7+ {[%emt 0:00:32]} 65. Kd6 {[%emt 0:00:14]} Nb6 {[%emt 0:00:30]} 66. e5 {[%emt 0:00:22]} Nc4+ {[%emt 0:00:00]} 67. Kd5 {[%emt 0:00:20]} Ne3+ {[%emt 0:00:00]} 68. Ke4 {[%emt 0:00:43]} Nf5 {[%emt 0:00:00]} 69. e6+ {[%emt 0:00:26]} Kg7 {[%emt 0:00:03]} 70. Ng2 {[%emt 0:01:14]} Kf8 {[%emt 0:02:19]} 71. Kd5 {[%emt 0:00:05]} Ke7 {[%emt 0:00:10]} 72. Ke5 {[%emt 0:00:10]} Nd6 {[%emt 0:00:40]} 73. Nf4 {[%emt 0:00:27]} Nc4+ {[%emt 0:00:04]} 74. Kd4 {[%emt 0:00:24]} Nb6 {[%emt 0:00:59]} 75. Nd5+ {[%emt 0:00:00]} 1-0

[Event "29th CRO-chT Junior 2020"]
[Site "Cakovec"]
[Date "2020.07.17"]
[Round "8.9"]
[White "Muha, Miljenko"]
[Black "Levacic, Matej"]
[Result "1-0"]
[WhiteElo "2310"]
[BlackElo "2040"]
[Annotator "ChessBase"]
[PlyCount "97"]
[EventDate "2020.07.14"]
[EventType "team-tourn"]
[EventCountry "CRO"]
[SourceTitle "playchess.com"]
[Source "ChessBase"]
[SourceQuality "1"]
[TimeControl "5400+30"]

1. d4 {[%emt 0:00:30]} Nf6 {[%emt 0:00:30]} 2. c4 {[%emt 0:00:00]} e6 {[%emt 0:00:30]} 3. Nc3 {[%emt 0:00:00]} Bb4 {[%emt 0:00:00]} 4. e3 {[%emt 0:00:00]} b6 {[%emt 0:00:00]} 5. Nge2 {[%emt 0:01:00]} c5 {[%emt 0:00:30]} 6. a3 {[%emt 0:00:30]} Ba5 {[%emt 0:00:00]} 7. Rb1 {[%emt 0:01:30]} Na6 {[%emt 0:00:00]} 8. g3 {[%emt 0:06:30]} Bb7 {[%emt 0:01:30]} 9. d5 {[%emt 0:00:30]} b5 {[%emt 0:00:00]} 10. Bg2 {[%emt 0:00:30]} bxc4 {[%emt 0:00:00]} 11. O-O {[%emt 0:01:30]} O-O {[%emt 0:00:30]} 12. e4 {[%emt 0:01:30]} exd5 {[%emt 0:00:30]} 13. exd5 {[%emt 0:03:30]} d6 {[%emt 0:09:30]} 14. Qa4 {[%emt 0:01:30]} Bxc3 {[%emt 0:08:30]} 15. Nxc3 {[%emt 0:01:30]} Nc7 {[%emt 0:01:30]} 16. Bg5 {[%emt 0:09:30]} h6 {[%emt 0:09:30]} 17. Bxf6 {[%emt 0:00:30]} Qxf6 {[%emt 0:00:30]} 18. Rfe1 {[%emt 0:01:30]} Qd8 {[%emt 0:08:30]} 19. Qxc4 {[%emt 0:02:30]} Re8 {[%emt 0:01:30]} 20. Rxe8+ {[%emt 0:03:30]} Qxe8 {[%emt 0:01:30]} 21. b4 {[%emt 0:02:30]} Ba6 {[%emt 0:14:30]} 22. b5 {[%emt 0:05:30]} Bb7 {[%emt 0:00:30]} 23. Qf4 {[%emt 0:04:30]} Qd7 {[%emt 0:04:30]} 24. a4 {[%emt 0:02:30]} Re8 {[%emt 0:01:30]} 25. h4 {[%emt 0:08:30]} Re5 {[%emt 0:01:30]} 26. a5 {[%emt 0:01:30]} a6 {[%emt 0:08:30]} 27. bxa6 {[%emt 0:07:30]} Nxa6 {[%emt 0:01:30]} 28. Rb6 {[%emt 0:00:30]} Nb4 {[%emt 0:03:30]} 29. Kh2 {[%emt 0:05:30]} Bc8 {[%emt 0:05:25]} 30. Qc4 {[%emt 0:08:30]} Nc2 {[%emt 0:05:15]} 31. Qb5 {[%emt 0:02:02]} Qf5 {[%emt 0:01:53]} 32. Rb8 {[%emt 0:01:57]} Ne1 {[%emt 0:01:51]} 33. Qb1 {[%emt 0:01:55]} Qg4 {[%emt 0:01:38]} 34. Be4 {[%emt 0:07:41]} g5 {[%emt 0:03:29]} 35. Qxe1 {[%emt 0:04:44]} gxh4 {[%emt 0:01:16]} 36. Rxc8+ {[%emt 0:00:24]} Qxc8 {[%emt 0:00:05]} 37. f4 {[%emt 0:00:49]} Re8 {[%emt 0:01:02]} 38. gxh4 {[%emt 0:00:17]} Qa6 {[%emt 0:01:53]} 39. Qg3+ {[%emt 0:01:03]} Kf8 {[%emt 0:00:29]} 40. f5 {[%emt 0:00:46]} Qf1 {[%emt 0:01:50]} 41. a6 {[%emt 0:01:12]} Ke7 {[%emt 0:01:59]} 42. a7 {[%emt 0:00:51]} Ra8 {[%emt 0:00:20]} 43. Qe3 {[%emt 0:00:53]} Kd7 {[%emt 0:00:53]} 44. Bg2 {[%emt 0:00:08]} Qc4 {[%emt 0:00:22]} 45. f6 {[%emt 0:00:25]} Qxh4+ {[%emt 0:01:46]} 46. Bh3+ {[%emt 0:00:09]} Kc7 {[%emt 0:00:00]} 47. Qe7+ {[%emt 0:00:10]} Kb6 {[%emt 0:00:00]} 48. Qxd6+ {[%emt 0:00:20]} Kb7 {[%emt 0:00:00]} 49. Qc6+ {[%emt 0:00:00]} 1-0

[Event "29th CRO-chT Junior 2020"]
[Site "Cakovec"]
[Date "2020.07.17"]
[Round "8.10"]
[White "Ljubicic, Mario"]
[Black "Cvitan, Ena"]
[Result "1/2-1/2"]
[WhiteElo "1966"]
[BlackElo "2258"]
[Annotator "TA"]
[PlyCount "62"]
[EventDate "2020.07.14"]
[EventType "team-tourn"]
[EventCountry "CRO"]
[SourceTitle "playchess.com"]
[Source "ChessBase"]
[SourceQuality "1"]

{[%evp 10,62,27,28,35,26,26,28,27,28,27,29,37,0,-6,0,-9,-10,-12,-16,-9,-14,-9,-12,-6,-17,-6,-12,-17,-18,-11,-12,0,0,0,0,0,-11,0,-11,-11,-12,0,0,0,0,10,0,9,0,0,0,5,13,23]} 1. e4 c6 2. Nf3 d5 3. Nc3 dxe4 4. Nxe4 Nf6 5. Qe2 Nxe4 6. Qxe4 Be6 {B11: Caro-Kann: Two Knights Variation.} 7. b3 Nd7 8. Bb2 Nf6 {[#] White has an edge.} 9. Qf4 $146 ({Predecessor:} 9. Qe3 Bf5 10. Nd4 Qd7 11. Bc4 Nd5 12. Bxd5 Qxd5 13. O-O e6 14. c4 Qe4 15. Nxf5 Qxf5 {½-½ (61) Grandelius,N (2691)-Lenderman,A (2648) Douglas 2019}) 9... g6 10. Bc4 Nh5 11. Qd4 (11. Qe3 {looks sharper.} Bg7 12. Bxg7 Nxg7 13. O-O Bxc4 14. bxc4 Nf5 15. Qb3) 11... Bg7 {The position is equal.} 12. Qxd8+ Rxd8 13. Bxg7 Nxg7 14. Bxe6 Nxe6 15. O-O-O Nd4 16. Nxd4 Rxd4 $11 {[%mdl 4096] Endgame KRR-KRR} 17. Rde1 e6 18. Re5 Ke7 19. Rhe1 Rhd8 20. d3 b6 21. g3 h5 22. R1e4 c5 23. a4 Kd6 24. Kd2 Rxe4 25. Rxe4 {KR-KR} e5 26. f4 exf4 27. Rxf4 Rd7 28. c3 Ke5 29. Ke3 f5 30. d4+ cxd4+ 31. Rxd4 Rc7 {Accuracy: White = 95%, Black = 100%.} 1/2-1/2

[Event "29th CRO-chT Junior 2020"]
[Site "Cakovec"]
[Date "2020.07.17"]
[Round "8.11"]
[White "Ghersinich, Enrico"]
[Black "Mijic, Karlo"]
[Result "1-0"]
[WhiteElo "2299"]
[BlackElo "1729"]
[Annotator "TA"]
[PlyCount "81"]
[EventDate "2020.07.14"]
[EventType "team-tourn"]
[EventCountry "CRO"]
[SourceTitle "playchess.com"]
[Source "ChessBase"]
[SourceQuality "1"]

{[%evp 20,81,26,33,29,0,39,40,46,30,35,43,27,0,105,43,88,53,294,286,258,293,295,296,280,258,310,263,412,373,360,365,366,356,447,449,446,445,437,443,529,524,519,461,558,535,674,637,789,788,775,780,29975,29976,29976,29976,29976,29977,29978,29979,29979,29979,29975,29969]} 1. Nf3 d5 2. c4 e6 3. g3 Nf6 4. Bg2 c5 5. cxd5 exd5 6. d4 c4 7. O-O Nc6 8. b3 cxb3 9. Qxb3 Be7 10. Nc3 O-O 11. Bg5 Na5 {D34: Tarrasch Defence: 6 g3 Nf6 7 Bg2 Be7.} 12. Qb1 {[#]} b6 $146 ({Predecessor:} 12... Be6 13. Bxf6 Bxf6 14. e3 Rc8 15. Rc1 Qd7 16. Nd2 Be7 17. Qb2 a6 18. Qb6 Nc4 19. Nxc4 Rxc4 {0-1 (54) Bremner,A (2231)-Compton,A (2071) London 2017}) 13. Ne5 Bb7 {White is slightly better.} 14. Qb5 a6 15. Qb2 h6 16. Bf4 (16. Bxf6 $5 Bxf6 17. Na4 $11) 16... Nc6 (16... Rc8 $11) 17. Rfd1 ({White should play} 17. Na4 $16) 17... Rc8 18. a4 (18. Bh3 {is more complex.} Ra8 19. Na4 b5 20. Nc5 Nxe5 21. Bxe5 Bc8 22. Bg2) 18... Bb4 $2 {[#] This costs Black the game.} ({Better is} 18... Na5 $14) 19. Nxc6 $18 Bxc3 20. Nxd8 Bxb2 21. Nxb7 Bxa1 22. Rxa1 Rc4 23. e3 Ne4 (23... Rfc8 $142 24. Bf3 Rc1+ 25. Rxc1 Rxc1+ 26. Kg2 Rc4) 24. Bxe4 dxe4 25. Nd6 Rc6 26. Nxe4 Re8 27. d5 Rc2 28. Nd6 Rd8 {If Black can now play ...g5 this consolidates a bit.} 29. g4 g5 30. Bg3 Rd2 31. Nf5 Kh7 32. d6 Kg6 33. Rb1 Ra2 34. Rxb6 Rxa4 35. h3 f6 36. Rb7 {[%csl Gf5][%cal Rb7g7] White mates.} Rg8 37. Ne7+ {[%mdl 64] [#] Double Attack} Kf7 38. Nxg8+ Kxg8 39. d7 {[%cal Rd7d8]} Ra1+ 40. Kh2 {[%cal Rd7d8]} Rd1 41. Rb8+ {Accuracy: White = 71%, Black = 41%.} 1-0